000
00317nam a22001457a 4500
003
SGT
020
_a
9788195608638
082
_a
954.03
_b
S93L
100
_a
LIMAYE, MADHU
245
_a
SARDAR PATEL
260
_a
INDIA
_b
SAMAJWADI SAMAGAM
_c
1993
300
_a
100
650
_a
FREEDOM FIGHTERS
942
_2
ddc
_c
BK
999
_c
26154
_d
26154